01876nam a2200445 i 450000100060000000300080000600500170001400600190003100700150005000800410006502000180010603500220012404000310014605000220017708200160019924502120021526400980042730000740052533600310059933700330063033800430066349000310070650400420073758800830077965100310086265100380089365500270093170000580095870000320101670000280104870000340107670000390111070000410114970000570119070000310124770000300127870000270130883000320133585600630136732434FINmELB20241216220736.0m o u cr cn|||||||||220328s2019 pe a ob 000 0 spa d a9786123261214 a(OCoLC)1311931051 aFINmELBbspaerdacFINmELB 4aHC227b.H578 201904a330.98522300aHistoria económica del norte peruano :bseñoríos, haciendas y minas en el espacio regional /cCarlos Contreras Carranza, Elizabeth Hernández García (editores) ; Susana Aldana Rivera [and 7 others]. 1a[Lima] :bBanco Central de Reserva del Perú :bIEP, Instituto de Estudios Peruanos,c[2019] a1 recurso en línea (440 páginas) :bilustraciones (algo de color) atextobtxt2rdacontent/spa acomputadorabc2rdamedia/spa arecurso en líneabcr2rdacarrier/spa1 aHistoria económica ;v29 aIncluye referencias bibliográficas. aDescripción basada en metadatos suministrados por el editor y otras fuentes. 0aPeruxEconomic conditions. 4aPerúxCondiciones económicas. 4aLibros electrónicos.1 aHernández García, Elizabeth del Socorro,eeditor.1 aContreras, Carlos,eeditor.1 aAldana, Susana,eautor.1 aAranda Dioses, Edith,eautor.1 aFranco Jordán, Régulo,eautor.1 aGuitiérrez Rivas, Julissa,eautor.1 aHernández García, Elizabeth del Socorro,eautor.1 aJaramillo, Miguel,eautor.1 aRamírez, Susan,eautor.1 aTaylor, Lewis,eautor. 0aHistoria económica ;v29.40uhttps://elibro.net/ereader/politecnicointernacional/195896